| 000 | 01374nam a2200313 a 4500 | ||
|---|---|---|---|
| 001 | ebr10506619 | ||
| 003 | CaPaEBR | ||
| 006 | m u | ||
| 007 | cr cn||||||||| | ||
| 008 | 111202s2011 enkabd sb 001 0 eng d | ||
| 020 | _z9781906884536 (e-book) | ||
| 040 |
_aCaPaEBR _cCaPaEBR |
||
| 035 | _a(OCoLC)769188519 | ||
| 050 | 1 | 4 |
_aG155.A1 _bC66 2011eb |
| 245 | 0 | 0 |
_aContemporary cases in tourism. _nVolume 1 _h[electronic resource] / _cedited by Brian Garrod, Alan Fyall. |
| 260 |
_aWoodeaton, Oxford : _bGoodfellow Publishers Ltd., _c2011. |
||
| 300 |
_axvi, 235 p. : _bill., maps. |
||
| 490 | 0 | _aContemporary cases in tourism, heritage, hospitality, leisure, retail, events, sports | |
| 500 | _a"Contemporary Cases Online"--Cover. | ||
| 504 | _aIncludes bibliographical references and index. | ||
| 505 | 0 | _asection 1. Marketing tourism -- section 2. Sustainable tourism -- section 3. Niche tourism. | |
| 533 |
_aElectronic reproduction. _bPalo Alto, Calif. : _cebrary, _d2013. _nAvailable via World Wide Web. _nAccess may be limited to ebrary affiliated libraries. |
||
| 650 | 0 | _aTourism. | |
| 655 | 7 |
_aElectronic books. _2local |
|
| 700 | 1 |
_aGarrod, B. _q(Brian) |
|
| 700 | 1 | _aFyall, Alan. | |
| 710 | 2 | _aebrary, Inc. | |
| 856 | 4 | 0 |
_uhttp://site.ebrary.com/lib/rucke/Doc?id=10506619 _zAn electronic book accessible through the World Wide Web; click to view |
| 999 |
_c218826 _d218826 |
||